| 000 | 00992nam a22002777a 4500 | ||
|---|---|---|---|
| 999 |
_c21229 _d21229 |
||
| 003 | AR-CdUCM | ||
| 008 | 190321b ||||| |||| 00| 0 spa d | ||
| 020 | _a9786120028599 | ||
| 040 |
_aMUNICIPALIDAD PROVINCIAL DEL CUSCO _cBIBLIOTECA MUNICIPAL DEL CUSCO |
||
| 082 |
_a636.9 / M97 _bM97 |
||
| 100 |
_aMurga Torres, Telmo Raul _944340 |
||
| 245 | _aCrianza moderna de cuyes / | ||
| 260 |
_aCusco : _bJADE, _c2017. |
||
| 300 |
_a246 paginas ; _bilustraciones en color, _c30 cm. |
||
| 505 | _aContenido : Antecedentes históricos domesticación taxonomía -- clasificación de los cuyes tipos y razas -- Reproducción ... | ||
| 650 |
_aCrianza de cuyes _944341 |
||
| 650 |
_aCuyes _944342 |
||
| 650 |
_aSeguridad alimentaria _93933 |
||
| 650 |
_aComunidades campesinas _92214 |
||
| 650 |
_aDesarrollo rural _94384 |
||
| 650 |
_aComercialización _910604 |
||
| 700 |
_aPalomino Tinco, Cesar _944343 |
||
| 700 |
_aGarcía Atauchi, Jessica _944344 |
||
| 942 |
_2ddc _cLIBROS |
||
| 945 | _aRoel | ||